MARC

LEADER 00000nam0a2200000 4500
001 293367
005 20231102000603.0
020 |a RU  |b 84-12058 
035 |a (RuTPU)RU\TPU\book\318380 
090 |a 293367 
100 |a 20150429d1984 k y0rusy5003 ca 
101 0 |a rus 
102 |a RU 
105 |a y z 000zy 
200 1 |a Марксистско-ленинское учение о войне и армии  |f под ред. Д. А. Волкогонова 
210 |a Москва  |c Воениздат  |d 1984 
215 |a 335 с. 
225 1 |a Библиотека офицера 
606 1 |a Война и мир  |x Теория  |2 stltpush  |3 (RuTPU)RU\TPU\subj\3489  |9 31907 
610 1 |a военная теория 
610 1 |a аррмия 
610 1 |a марксистско-ленинская концепция 
610 1 |a войны 
610 1 |a причины 
610 1 |a сущность 
610 1 |a типы 
610 1 |a история 
610 1 |a общество 
610 1 |a военное строительство 
610 1 |a военное дело 
610 1 |a военная техника 
686 |a Ц01  |v LBC/SL-A  |2 rubbk 
702 1 |a Волкогонов  |b Д. А.  |g Дмитрий Антонович  |4 340 
801 0 |a RU  |b RuMRKP  |c 19950704  |g psbo 
801 1 |a RU  |b 63413507  |c 20150429 
801 2 |a RU  |b 63413507  |c 20170719  |g RCR 
942 |c BK